[Event "WchT Blitz Pool D"]
[Site "London"]
[Date "2025.06.14"]
[Round "4.4"]
[White "Kuka, Kyle"]
[Black "Gan Od, Sereenen"]
[Result "0-1"]
[WhiteElo "1892"]
[BlackElo "2320"]
[PlyCount "58"]
[EventDate "2025.06.14"]
[EventType "team-tourn"]
[EventRounds "13"]
[EventCountry "ENG"]
[SourceTitle "CB25_2025"]
[SourceDate "2025.06.18"]
[SourceVersion "1"]
[SourceVersionDate "2025.06.18"]
[SourceQuality "1"]
[WhiteTeam "Kenya Equity Bank"]
[BlackTeam "Mongolia"]
[WhiteTeamCountry "KEN"]
[BlackTeamCountry "MGL"]

1. e4 c6 2. d3 d5 3. Nd2 g6 4. g3 Bg7 5. Bg2 Nf6 6. Ngf3 0-0 7. 0-0 c5 8. Re1 Bg4 9. h3 Bxf3 10. Bxf3 e6 11. c3 Nc6 12. Nf1 b5 13. h4 b4 14. exd5 Nxd5 15. Bd2 a5 16. Rc1 a4 17. Ne3 a3 18. Nxd5 axb2 19. Rc2 exd5 20. cxb4 Nd4 21. Rxc5 Nxf3+ 22. Qxf3 Rxa2 23. Rxd5 Qa8 24. Qe4 Ra1 25. d4 Qa2 26. Ra5 Rxe1+ 27. Qxe1 b1Q 28. Rxa2 Qxa2 29. b5 Bxd4 0-1

[Event "WchT Rapid"]
[Site "London"]
[Date "2025.06.13"]
[Round "10.6"]
[White "Kuka, Kyle"]
[Black "Nayberg, Simona"]
[Result "1-0"]
[WhiteElo "1496"]
[BlackElo "1833"]
[PlyCount "77"]
[EventDate "2025.06.11"]
[EventType "team-swiss"]
[EventRounds "12"]
[EventCountry "ENG"]
[SourceTitle "CB25_2025"]
[SourceDate "2025.06.18"]
[SourceVersion "1"]
[SourceVersionDate "2025.06.18"]
[SourceQuality "1"]
[WhiteTeam "Kenya Equity Bank"]
[BlackTeam "Oxbridge"]
[WhiteTeamCountry "KEN"]
[BlackTeamCountry "ENG"]

1. e4 c5 2. c3 Nf6 3. e5 Nd5 4. Nf3 Nc6 5. Bc4 Nb6 6. Bb3 e6 7. 0-0 Be7 8. a4 d5 9. d4 0-0 10. Be3 Nd7 11. Bc2 cxd4 12. Bxd4 Nxd4 13. cxd4 Re8 14. Nc3 a6 15. Ne1 Nf8 16. f4 Qb6 17. Rb1 f6 18. Kh1 Bd7 19. f5 fxe5 20. dxe5 d4 21. f6 dxc3 22. f7+ Kh8 23. fxe8Q Bxe8 24. bxc3 Qc6 25. Qf3 Qxf3 26. Nxf3 Bc6 27. Nd4 Bd5 28. Rf7 Re8 29. c4 Kg8 30. Rxf8+ Rxf8 31. cxd5 exd5 32. g3 Bc5 33. Ne6 Rc8 34. Nxc5 Rxc5 35. Bf5 d4 36. Re1 g6 37. e6 Rc8 38. e7 Re8 39. Bd7 1-0

[Event "WchT Rapid"]
[Site "London"]
[Date "2025.06.12"]
[Round "5.6"]
[White "Kuka, Kyle"]
[Black "Ding, Yihua"]
[Result "1-0"]
[WhiteElo "1496"]
[BlackElo "1536"]
[PlyCount "59"]
[EventDate "2025.06.11"]
[EventType "team-swiss"]
[EventRounds "12"]
[EventCountry "ENG"]
[SourceTitle "CB25_2025"]
[SourceDate "2025.06.18"]
[SourceVersion "1"]
[SourceVersionDate "2025.06.18"]
[SourceQuality "1"]
[WhiteTeam "Kenya Equity Bank"]
[BlackTeam "Desert Penguins"]
[WhiteTeamCountry "KEN"]
[BlackTeamCountry "ENG"]

1. e4 c5 2. c3 d5 3. exd5 Qxd5 4. d4 Nf6 5. Nf3 Bg4 6. Be2 e6 7. 0-0 Nc6 8. Be3 cxd4 9. cxd4 Be7 10. Nc3 Qd6 11. h3 Bh5 12. Qb3 0-0 13. Rad1 Qb4 14. Qc2 Bg6 15. Bd3 Bxd3 16. Rxd3 Rfd8 17. Rfd1 Qa5 18. a3 a6 19. Qb3 Qc7 20. d5 exd5 21. Bb6 Qd7 22. Bxd8 Rxd8 23. Nxd5 Nxd5 24. Rxd5 Qc7 25. Rxd8+ Bxd8 26. Qd3 h6 27. Qf5 Bf6 28. Rd7 Qa5 29. Qxa5 Nxa5 30. b4 1-0

[Event "WchT Rapid"]
[Site "London"]
[Date "2025.06.11"]
[Round "2.6"]
[White "Kuka, Kyle"]
[Black "Ivanov, George"]
[Result "1-0"]
[WhiteElo "1496"]
[BlackElo "1819"]
[PlyCount "113"]
[EventDate "2025.06.11"]
[EventType "team-swiss"]
[EventRounds "12"]
[EventCountry "ENG"]
[SourceTitle "CB25_2025"]
[SourceDate "2025.06.18"]
[SourceVersion "1"]
[SourceVersionDate "2025.06.18"]
[SourceQuality "1"]
[WhiteTeam "Kenya Equity Bank"]
[BlackTeam "English Knightmares"]
[WhiteTeamCountry "KEN"]
[BlackTeamCountry "ENG"]

1. e4 c5 2. c3 g6 3. d4 Nc6 4. Nf3 cxd4 5. cxd4 Bg7 6. Nc3 d6 7. h3 Nf6 8. Be2 0-0 9. 0-0 d5 10. e5 Ne4 11. Be3 Nxc3 12. bxc3 Be6 13. Ng5 Bf5 14. c4 Rc8 15. cxd5 Qxd5 16. f4 h6 17. Bf3 Qa5 18. Ne4 Nb4 19. Rf2 Nd5 20. Bd2 Qd8 21. g4 Bxe4 22. Bxe4 Rc4 23. Be1 Nxf4 24. Rxf4 Rxd4 25. Qe2 Bxe5 26. Rf1 Rxe4 27. Qxe4 Bxa1 28. Bf2 Bg7 29. Qxb7 Bd4 30. Kg2 Bxf2 31. Rxf2 Qa8 32. Rb2 e6 33. Kf3 Kg7 34. Kf4 Qxb7 35. Rxb7 Ra8 36. a4 Kf6 37. a5 a6 38. h4 e5+ 39. Ke4 h5 40. gxh5 gxh5 41. Rb6+ Ke7 42. Kxe5 Kd7 43. Rd6+ Kc7 44. Rf6 Re8+ 45. Kf5 Re7 46. Rxa6 Kb7 47. Rf6 Rc7 48. Kg5 Rd7 49. Kxh5 Rd5+ 50. Kh6 Rxa5 51. Rxf7+ Kc6 52. Kg6 Ra2 53. Rf5 Kd6 54. h5 Ke7 55. h6 Ra6+ 56. Kg7 Ra7 57. Rf7+ 1-0

[Event "East Africa-ch U21"]
[Site "Kisumu"]
[Date "2024.08.25"]
[Round "2"]
[White "Victor, Tindi"]
[Black "Kuka, Kyle"]
[Result "1-0"]
[WhiteElo "1544"]
[BlackElo "1856"]
[PlyCount "77"]
[EventDate "2024.08.25"]
[EventType "swiss"]
[EventRounds "8"]
[EventCountry "KEN"]
[SourceTitle "EXT 2025"]
[Source "ChessBase"]
[SourceDate "2024.10.14"]
[SourceVersion "1"]
[SourceVersionDate "2024.10.14"]
[SourceQuality "1"]

1. e4 e5 2. Nf3 Nc6 3. Bc4 Nf6 4. d3 Bc5 5. c3 d6 6. b4 Bb6 7. Bb3 Ne7 8. 0-0 Ng6 9. Nbd2 a6 10. Nc4 Ba7 11. Be3 0-0 12. Bxa7 Rxa7 13. Ne3 Nf4 14. g3 Ng6 15. Ne1 c6 16. f4 d5 17. f5 Ne7 18. Qc2 Qb6 19. N1g2 c5 20. bxc5 Qxc5 21. exd5 Bxf5 22. d6 Ned5 23. d4 Bxc2 24. dxc5 Nxe3 25. Nxe3 Be4 26. Nf5 Nd7 27. Ne7+ Kh8 28. Bxf7 Nxc5 29. Bd5 Raa8 30. c4 Bxd5 31. Nxd5 Rfd8 32. Nb6 Rab8 33. Rad1 Kg8 34. Rf5 Nd7 35. Nxd7 Rxd7 36. Rxe5 Rc8 37. c5 Rc6 38. Rf1 Rd8 39. d7 1-0

[Event "Africa-ch U14"]
[Site "Johannesburg"]
[Date "2024.06.19"]
[Round "5"]
[White "Felix, Raphael"]
[Black "Kuka, Kyle"]
[Result "1-0"]
[WhiteElo "1984"]
[BlackElo "1838"]
[PlyCount "89"]
[EventDate "2024.06.16"]
[EventType "swiss"]
[EventRounds "9"]
[EventCountry "RSA"]
[SourceTitle "EXT 2025"]
[Source "ChessBase"]
[SourceDate "2024.10.14"]
[SourceVersion "1"]
[SourceVersionDate "2024.10.14"]
[SourceQuality "1"]

1. e4 c6 2. d4 d5 3. Nc3 dxe4 4. Nxe4 Nf6 5. Nxf6+ exf6 6. c3 Bd6 7. Bd3 0-0 8. Qc2 Re8+ 9. Ne2 h5 10. Be3 Be6 11. 0-0-0 Qa5 12. a3 Nd7 13. c4 Be7 14. Nf4 Nf8 15. Nxe6 Nxe6 16. d5 cxd5 17. Bh7+ Kh8 18. Rxd5 Qxd5 19. cxd5 Rec8 20. dxe6 g6 21. Bxg6 fxg6 22. Rd1 Rxc2+ 23. Kxc2 Rc8+ 24. Kb3 Rc6 25. Rd7 Rxe6 26. Rxb7 a6 27. Rb6 Rxb6+ 28. Bxb6 Bd6 29. Bd4 Bxh2 30. Bxf6+ Kg8 31. g3 Kf7 32. Bd8 Bg1 33. f3 Bf2 34. Bh4 g5 35. Bxg5 Bxg3 36. Ka4 Ke6 37. Ka5 Kd7 38. Kxa6 Kc7 39. f4 h4 40. Bxh4 Bxh4 41. Kb5 Bf2 42. b4 Kd6 43. a4 Be3 44. f5 Ke5 45. Kc6 1-0

[Event "KEN-chT"]
[Site "Nairobi"]
[Date "2023.10.01"]
[Round "1.2"]
[White "Kuka, Kyle"]
[Black "Mugilwa Jnr, Serede Elvis"]
[Result "1-0"]
[WhiteElo "1274"]
[BlackElo "1070"]
[PlyCount "63"]
[EventDate "2023.10.01"]
[EventType "team-tourn"]
[EventRounds "17"]
[EventCountry "KEN"]
[SourceTitle "EXT 2025"]
[Source "ChessBase"]
[SourceDate "2024.10.14"]
[SourceVersion "1"]
[SourceVersionDate "2024.10.14"]
[SourceQuality "1"]
[WhiteTeam "Mavens CC"]
[BlackTeam "Knights Chess Academy"]
[WhiteTeamCountry "KEN"]
[BlackTeamCountry "KEN"]

1. e4 e5 2. Nf3 Nf6 3. Nxe5 d6 4. Nf3 Nxe4 5. d4 d5 6. Bd3 Bf5 7. 0-0 Be7 8. Re1 0-0 9. Bf4 Nd7 10. Nbd2 Ndf6 11. c3 Bd6 12. Bxd6 Qxd6 13. Qc2 Rfe8 14. Ne5 Ng4 15. Nxg4 Bxg4 16. Nxe4 dxe4 17. Bxe4 c6 18. Bxh7+ Kf8 19. Be4 g6 20. h3 Be6 21. Re3 Kg7 22. b3 Rh8 23. Rae1 Rh6 24. Rg3 Rah8 25. Qd2 f5 26. Bc2 f4 27. Rf3 Bxh3 28. gxh3 Rxh3 29. Rxh3 Rxh3 30. Qe2 Kf7 31. Qe8+ Kf6 32. Qxg6# 1-0